Lam Kvanh Mi (V`jetnam)

Bibliographic Details
Main Author: Zavhorodnij, Jurij, 1940- (Author)
Format: Article
Language:Ukrainian
PhysicalDescription:Fotogr.
Subjects:

MARC

LEADER 00000nab a2200000 a 4500
001 vtls009941886
003 SK-MaSNL
005 20260318124144.0
008 140416c2009 xo br p 000 c0ukr
015 |a SNBRB2009/08 
038 |a SVKPOCL 
040 |a SVKPOCL  |b slo  |c SVKPOCL  |e AACR2 
041 0 |a ukr 
044 |a xo  |c SK 
080 |a 821.612.91-51=161.2  |2 2001 
080 |a 929 Lam Kvang Mi  |2 2001 
100 1 |a Zavhorodnij, Jurij,  |d 1940-  |4 aut  |9 1036348 
245 1 0 |a Lam Kvanh Mi (V`jetnam)  |c Jurij Zavhorodnij 
300 |b Fotogr. 
545 1 |a Lam Kvanh Mi vlastným menom Nguen Din Gung. Pôsobí v Poľsku 
600 1 7 |a Lam Kvang Mi  |c vietnamský spisovateľ  |x biografie  |2 svkpocl  |9 1348710 
650 0 7 |a vietnamská literatúra  |2 svkpocl  |9 1729 
650 0 7 |a vietnamskí spisovatelia  |2 svkpocl  |9 124923 
651 7 |a Vietnam  |2 svkpocl  |9 24934 
651 7 |a Poľsko  |2 svkpocl  |9 16755 
655 7 |a biografie  |2 svkpocl  |9 27965 
773 0 |t Duklja  |g Rič. 57, No 3 (2009), s. 89 
852 |a SVKPO  |b KIS3GCP 
958 |a UK 
958 |a LX 
958 |a BC 
958 |a SK 
958 |a VN 
958 |a PL 
999 |c 2739833  |d 2741763